[Event "Scarborough CC Jack Frost U1700"]
[Site "Toronto CAN"]
[Date "2011.02.17"]
[Round "7"]
[White "Kaneshalingam, Mathanhe"]
[Black "Liang, Phillip"]
[Result "0-1"]
[WhiteElo "828"]
[BlackElo "1190"]
[PlyCount "82"]
[GameId "2160767909829641"]
[EventDate "2011.01.06"]
[EventType "swiss"]
[EventRounds "7"]
[EventCountry "CAN"]

1. e4 e5 2. Nf3 Nc6 3. Bc4 Nf6 4. Ng5 d5 5. exd5 Na5 6. d3 h6 7. Nf3 e4 8. Nd4 c6 9. Nc3 Nxc4 10. dxc4 cxd5 11. cxd5 Bc5 12. Be3 O-O 13. O-O Re8 14. Re1 Bg4 15. Qd2 Nxd5 16. Nxd5 Qxd5 17. c3 Qh5 18. h3 Be6 19. Nxe6 Bxe3 20. Qxe3 Rxe6 21. Qe2 Qa5 22. b4 Qc7 23. Rec1 Rd8 24. Rc2 Rd3 25. Rac1 Qc4 26. Qe1 e3 27. f3 b5 28. a3 Qb3 29. Kh2 Qxa3 30. Qe2 Red6 31. Qe1 Qa6 32. Qg3 Rd2 33. Rxd2 exd2 34. Rd1 Qc6 35. f4 Qe4 36. h4 Qe2 37. Qf3 Qe1 38. Rxe1 dxe1=Q 39. Qa8+ Kh7 40. Qxa7 Qxh4+ 41. Kg1 Rd1# 0-1

[Event "Scarborough CC Jack Frost U1700"]
[Site "Toronto CAN"]
[Date "2011.02.17"]
[Round "7"]
[White "Kurkowski, Ken"]
[Black "Song, Eric"]
[Result "0-1"]
[WhiteElo "1519"]
[BlackElo "1417"]
[PlyCount "90"]
[GameId "2160767909829642"]
[EventDate "2011.01.06"]
[EventType "swiss"]
[EventRounds "7"]
[EventCountry "CAN"]

1. d4 d5 2. Nf3 Nf6 3. e3 a6 4. Bd3 e6 5. b3 c5 6. Bb2 Nc6 7. a3 Be7 8. Nbd2 b5 9. c4 bxc4 10. bxc4 cxd4 11. Nxd4 Nxd4 12. Bxd4 Bb7 13. O-O O-O 14. Nf3 Rc8 15. cxd5 Qxd5 16. Re1 Rfd8 17. e4 Qd7 18. Qb3 Rb8 19. Rab1 Bd6 20. Ne5 Qe7 21. Qc3 Bxa3 22. Rxb7 Qxb7 23. Nc6 Bb4 24. Nxd8 Rxd8 25. Qb2 a5 26. Rd1 Nxe4 27. Bxg7 Qd5 28. Bh8 Kf8 29. Qg7+ Ke7 30. Qxh7 Bc5 31. Qh4+ Ke8 32. h3 Bxf2+ 33. Qxf2 Nxf2 34. Kxf2 Qa2+ 35. Ke1 Qxg2 36. Bb5+ Ke7 37. Bf6+ Kxf6 38. Rxd8 Qxh3 39. Rf8 Qh4+ 40. Ke2 a4 41. Be8 Ke5 42. Bxf7 a3 43. Ra8 Qh2+ 44. Kd3 Qb2 45. Ra6 Qb5+ 0-1

[Event "Scarborough CC Jack Frost U1700"]
[Site "Toronto CAN"]
[Date "2011.02.17"]
[Round "7"]
[White "Law, James"]
[Black "Al Ganabi, Yasir"]
[Result "1/2-1/2"]
[WhiteElo "1514"]
[BlackElo "1348"]
[PlyCount "82"]
[GameId "2160767909829643"]
[EventDate "2011.01.06"]
[EventType "swiss"]
[EventRounds "7"]
[EventCountry "CAN"]

1. c4 d5 2. cxd5 Qxd5 3. Nc3 Qd8 4. g3 Nf6 5. Bg2 e6 6. Nf3 Nbd7 7. O-O Bb4 8. b3 Bxc3 9. dxc3 O-O 10. Bb2 Re8 11. c4 c5 12. Qc2 h6 13. Rfd1 Qc7 14. Rd2 e5 15. Nh4 a5 16. Nf5 Ra6 17. Rad1 Ree6 18. Rd3 e4 19. Re3 Qc6 20. Bxf6 Nxf6 21. Rd8+ Kh7 22. f3 g6 23. Nh4 exf3 24. Rxe6 Qxe6 25. exf3 Qe1+ 26. Bf1 Bh3 27. Rd1 Qe3+ 28. Qf2 Qxf2+ 29. Kxf2 Bxf1 30. Kxf1 a4 31. Kg2 axb3 32. axb3 Ra2+ 33. Kh3 Rb2 34. Rd6 Rxb3 35. Rxf6 Kg7 36. Rf4 b5 37. cxb5 Rxb5 38. Rc4 Kf6 39. f4 g5 40. fxg5+ hxg5 41. Nf3 Ke6 1/2-1/2

[Event "Scarborough CC Jack Frost U1700"]
[Site "Toronto CAN"]
[Date "2011.02.17"]
[Round "7"]
[White "Palakkal, Anirudh"]
[Black "Roy, Harrison"]
[Result "1-0"]
[WhiteElo "754"]
[BlackElo "965"]
[PlyCount "47"]
[GameId "2160767909829645"]
[EventDate "2011.01.06"]
[EventType "swiss"]
[EventRounds "7"]
[EventCountry "CAN"]

1. d4 Nf6 2. e3 Nc6 3. Nf3 d5 4. Nbd2 Bg4 5. c3 e6 6. Be2 Bxf3 7. Bxf3 Be7 8. Be2 O-O 9. Nf3 Ne4 10. Qc2 Re8 11. Bd3 f5 12. Ne5 Nxe5 13. dxe5 Bh4 14. g3 Bg5 15. f3 Nc5 16. h4 Be7 17. b4 Nxd3+ 18. Qxd3 Qd7 19. a4 Rad8 20. Ke2 a6 21. Rd1 b5 22. axb5 Qxb5 23. Rxa6 Ra8 24. Qxb5 1-0

[Event "Scarborough CC Jack Frost U1700"]
[Site "Toronto CAN"]
[Date "2011.02.17"]
[Round "7"]
[White "Pishdad, Hassan"]
[Black "Cui, Gordon"]
[Result "0-1"]
[WhiteElo "1355"]
[BlackElo "1189"]
[PlyCount "65"]
[GameId "2160767909829646"]
[EventDate "2011.01.06"]
[EventType "swiss"]
[EventRounds "7"]
[EventCountry "CAN"]

1. d4 d5 2. c4 dxc4 3. Nc3 Nf6 4. e3 e6 5. Bxc4 Bb4 6. Nge2 c5 7. a3 Bxc3+ 8. bxc3 cxd4 9. cxd4 Nc6 10. O-O O-O 11. Bb2 Qc7 12. Nf4 Rd8 13. Qf3 Nxd4 14. Bxd4 e5 15. Bxe5 Qxe5 16. Rfd1 Bg4 17. Qxb7 Bxd1 18. Qxf7+ Kh8 19. Ne6 Rd7 20. Qxd7 Nxd7 21. Rxd1 Nb6 22. Bb3 Qb2 23. Nd4 Rc8 24. g3 Rc1 25. Rf1 Rxf1+ 26. Kxf1 Qb1+ 27. Kg2 Qe4+ 28. Kg1 Nd7 29. Bc2 Qe5 30. a4 Nc5 31. h4 Ne6 32. Nxe6 Qxe6 33. Kg2 0-1

[Event "Scarborough CC Jack Frost U1700"]
[Site "Toronto CAN"]
[Date "2011.02.17"]
[Round "7"]
[White "Super, Russell"]
[Black "Vyravanathan, Sobiga"]
[Result "1/2-1/2"]
[WhiteElo "1463"]
[BlackElo "1254"]
[PlyCount "73"]
[GameId "2160767909829647"]
[EventDate "2011.01.06"]
[EventType "swiss"]
[EventRounds "7"]
[EventCountry "CAN"]

1. e4 c5 2. Nf3 Nc6 3. d4 cxd4 4. Nxd4 Nf6 5. Nc3 d6 6. Be2 e6 7. O-O Be7 8. Be3 a6 9. a4 O-O 10. Qd2 Bd7 11. f4 Nxd4 12. Bxd4 Bc6 13. Bf3 e5 14. Be3 exf4 15. Bxf4 Qb6+ 16. Kh1 Qd8 17. Rad1 Re8 18. e5 dxe5 19. Bxc6 bxc6 20. Bxe5 Qxd2 21. Rxd2 Ng4 22. Bf4 Rad8 23. Rxd8 Rxd8 24. h3 Nf6 25. Rd1 Rxd1+ 26. Nxd1 Nd5 27. Be5 Bf6 28. Bxf6 Nxf6 29. Kg1 Ne4 30. Ne3 Kf8 31. Kf1 Ke8 32. Ke2 Kd7 33. Kd3 Nc5+ 34. Kc4 Nxa4 35. b3 Nb6+ 36. Kc5 Nc8 37. Nc4 1/2-1/2

[Event "Scarborough CC Jack Frost U2000"]
[Site "Toronto CAN"]
[Date "2011.01.06"]
[Round "1"]
[White "Armstrong, Robert J"]
[Black "Xie, Peter"]
[Result "0-1"]
[WhiteElo "1819"]
[BlackElo "1631"]
[PlyCount "68"]
[GameId "2160767909829648"]
[EventDate "2011.01.06"]
[EventType "swiss"]
[EventRounds "7"]
[EventCountry "CAN"]

1. d4 Nf6 2. c4 g6 3. Nc3 Bg7 4. e4 d6 5. f3 a5 6. Be3 O-O 7. g4 Na6 8. Nge2 Nd7 9. h4 e5 10. d5 Nac5 11. Qd2 f5 12. gxf5 gxf5 13. Bh6 fxe4 14. fxe4 Qf6 15. Bxg7 Kxg7 16. O-O-O Nb6 17. Ng3 Kh8 18. Kb1 Nba4 19. Nxa4 Nxa4 20. Bh3 Bxh3 21. Rxh3 Nc5 22. Qe2 Qf3 23. Qc2 Nxe4 24. Rg1 Rg8 25. Rf1 Qg4 26. Nxe4 Qxh3 27. Qd1 Raf8 28. Rh1 Qf5 29. Qe2 Rg4 30. Re1 Rxh4 31. Ka1 Qg4 32. Qc2 Qxe4 33. Qxe4 Rxe4 34. Rd1 Rxc4 0-1

[Event "Scarborough CC Jack Frost U2000"]
[Site "Toronto CAN"]
[Date "2011.01.06"]
[Round "1"]
[White "Huston, Scott"]
[Black "Ward, Dean"]
[Result "1-0"]
[WhiteElo "1713"]
[BlackElo "1821"]
[PlyCount "89"]
[GameId "2160767909829649"]
[EventDate "2011.01.06"]
[EventType "swiss"]
[EventRounds "7"]
[EventCountry "CAN"]

1. d4 d5 2. c4 e6 3. Nc3 c6 4. Nf3 dxc4 5. a4 Bb4 6. Bd2 Bxc3 7. Bxc3 b5 8. d5 Nf6 9. dxc6 Qxd1+ 10. Rxd1 bxa4 11. c7 Nbd7 12. e3 O-O 13. Bxc4 Bb7 14. Bb5 Bxf3 15. gxf3 Nb6 16. Rg1 Nbd7 17. Bxf6 Nxf6 18. Ba6 Nd5 19. Rc1 Nxc7 20. Rxc7 Rab8 21. Bb7 g6 22. Ke2 Rfd8 23. Rd1 Rxd1 24. Kxd1 Rd8+ 25. Kc2 Rd6 26. Bc6 a5 27. Bxa4 Rd5 28. Be8 Rf5 29. Bxf7+ Rxf7 30. Rxf7 Kxf7 31. Kb3 Kf6 32. Ka4 Kg5 33. Kxa5 Kh4 34. b4 Kh3 35. b5 Kxh2 36. b6 h5 37. b7 h4 38. b8=Q+ Kg2 39. Qf4 h3 40. Qg3+ Kh1 41. Qxh3+ Kg1 42. Qg4+ Kxf2 43. Qxg6 Kxe3 44. Qxe6+ Kxf3 45. Qe5 1-0

[Event "Scarborough CC Jack Frost U2000"]
[Site "Toronto CAN"]
[Date "2011.01.06"]
[Round "1"]
[White "Jizan, Masoud"]
[Black "Zhang, John"]
[Result "1/2-1/2"]
[WhiteElo "1805"]
[BlackElo "1617"]
[PlyCount "111"]
[GameId "2160767909829650"]
[EventDate "2011.01.06"]
[EventType "swiss"]
[EventRounds "7"]
[EventCountry "CAN"]

1. e4 e5 2. f4 exf4 3. Nf3 Nc6 4. Bc4 d6 5. O-O Nf6 6. d4 Nxe4 7. Re1 Be7 8. Bxf7+ Kxf7 9. Rxe4 Rf8 10. Qe2 d5 11. Rxf4+ Kg8 12. Rxf8+ Qxf8 13. Nc3 Qf7 14. Qb5 Nb4 15. Ne5 c6 16. Qe2 Qf5 17. Nf3 Be6 18. Bg5 Bxg5 19. Nxg5 Re8 20. Qh5 Rf8 21. Qe2 Rf6 22. h4 h6 23. Nf3 Qxc2 24. Qxc2 Nxc2 25. Rc1 Ne3 26. Re1 Nc4 27. Na4 Bg4 28. Ne5 Nxe5 29. dxe5 Rf4 30. Nc5 b6 31. Nd3 Re4 32. Rxe4 dxe4 33. Nf2 Bf5 34. g4 Bh7 35. Kf1 Kf7 36. Ke2 Ke6 37. Ke3 Kxe5 38. Nd1 Bg8 39. Nc3 Bd5 40. b3 a5 41. Na4 b5 42. Nc5 Kd6 43. Nxe4+ Bxe4 44. Kxe4 Ke6 45. Kd4 Kd6 46. Ke4 c5 47. g5 hxg5 48. hxg5 Ke6 49. a3 g6 50. Kf4 Kd5 51. Kf3 c4 52. bxc4+ bxc4 53. Ke3 Ke5 54. a4 Kf5 55. Kd4 Kxg5 56. Kxc4 1/2-1/2

[Event "Scarborough CC Jack Frost U2000"]
[Site "Toronto CAN"]
[Date "2011.01.06"]
[Round "1"]
[White "Mesiti, Silvano"]
[Black "Maister, Martin"]
[Result "1-0"]
[WhiteElo "1630"]
[BlackElo "1814"]
[PlyCount "43"]
[GameId "2160767909829651"]
[EventDate "2011.01.06"]
[EventType "swiss"]
[EventRounds "7"]
[EventCountry "CAN"]

1. e4 c5 2. b3 d5 3. exd5 Qxd5 4. Nc3 Qd8 5. Bb2 Nf6 6. Be2 Nc6 7. Nf3 g6 8. O-O Bg7 9. Ne4 b6 10. Nxf6+ Bxf6 11. Bxf6 exf6 12. Bb5 Qd6 13. Re1+ Be6 14. d4 Rd8 15. d5 O-O 16. dxc6 Qf4 17. Qc1 Qg4 18. h3 Qh5 19. Qf4 Kg7 20. Rad1 Rd5 21. Rxd5 Bxd5 22. Rd1 1-0

[Event "Scarborough CC Jack Frost U2000"]
[Site "Toronto CAN"]
[Date "2011.01.06"]
[Round "1"]
[White "Philip, Andrew"]
[Black "Manalo, Pepin"]
[Result "0-1"]
[WhiteElo "1605"]
[BlackElo "1811"]
[PlyCount "80"]
[GameId "2160767909829652"]
[EventDate "2011.01.06"]
[EventType "swiss"]
[EventRounds "7"]
[EventCountry "CAN"]

1. d4 Nf6 2. Bg5 e6 3. e3 c6 4. Nf3 d5 5. Nbd2 Nbd7 6. Bd3 h6 7. Bf4 g5 8. Bg3 Nh5 9. c3 Nxg3 10. hxg3 Bg7 11. e4 dxe4 12. Nxe4 Qc7 13. Qe2 Nf6 14. O-O-O Nxe4 15. Bxe4 Bd7 16. Rhe1 O-O-O 17. Bc2 Qa5 18. Kb1 Rhe8 19. Qc4 f6 20. Bg6 Rf8 21. Bc2 g4 22. Nh4 Kb8 23. Bb3 Rfe8 24. Qd3 f5 25. Ng6 Bc8 26. Ne5 Qc7 27. Qc4 Rd6 28. Qf1 b5 29. Qh1 a5 30. Qh5 Rf8 31. Nd3 a4 32. Nc5 axb3 33. axb3 Qf7 34. Qh4 Bf6 35. Qxh6 Rh8 36. Qf4 Qc7 37. Re2 e5 38. Qe3 exd4 39. cxd4 Rhd8 40. Red2 Qg7 0-1

[Event "Scarborough CC Jack Frost U2000"]
[Site "Toronto CAN"]
[Date "2011.01.06"]
[Round "1"]
[White "Sherman, Joshua"]
[Black "Radpey, Abdolreza"]
[Result "1/2-1/2"]
[WhiteElo "1933"]
[BlackElo "1620"]
[PlyCount "58"]
[GameId "2160767909829653"]
[EventDate "2011.01.06"]
[EventType "swiss"]
[EventRounds "7"]
[EventCountry "CAN"]

1. e4 e6 2. d3 d5 3. Nd2 c5 4. Ngf3 Nc6 5. g3 e5 6. Bg2 Nf6 7. O-O Be6 8. Re1 d4 9. Nf1 h6 10. a3 Be7 11. h3 Qd7 12. Kh2 g5 13. Nxe5 Nxe5 14. f4 gxf4 15. gxf4 Bxh3 16. Bxh3 Neg4+ 17. Kg2 Rg8 18. Ng3 Nh7 19. Bxg4 Rxg4 20. f5 Rh4 21. Rh1 Qd6 22. Rxh4 Bxh4 23. Qg4 Qxg3+ 24. Qxg3 Bxg3 25. Kxg3 Ng5 26. Bxg5 hxg5 27. Rh1 Ke7 28. Kg4 Rg8 29. Rh7 Kf6 1/2-1/2

[Event "Scarborough CC Jack Frost U2000"]
[Site "Toronto CAN"]
[Date "2011.01.06"]
[Round "1"]
[White "Ugodnikov, Arkadiy"]
[Black "Cale, Ferdinand"]
[Result "1-0"]
[WhiteElo "1891"]
[BlackElo "1734"]
[PlyCount "43"]
[GameId "2160767909829654"]
[EventDate "2011.01.06"]
[EventType "swiss"]
[EventRounds "7"]
[EventCountry "CAN"]

1. e4 e5 2. Nf3 f6 3. Nxe5 fxe5 4. Qh5+ Ke7 5. Qxe5+ Kf7 6. Bc4+ Kg6 7. Qf5+ Kh6 8. d4+ g5 9. h4 Bb4+ 10. c3 d5 11. Bxg5+ Kg7 12. Qe5+ Nf6 13. Bh6+ Kf7 14. Bxd5+ Nxd5 15. Qg7+ Ke6 16. exd5+ Kxd5 17. cxb4 Re8+ 18. Be3 Re7 19. Nc3+ Kc4 20. Qg5 Kd3 21. Rd1+ Kc2 22. Rd2+ 1-0

[Event "Scarborough CC Jack Frost U2000"]
[Site "Toronto CAN"]
[Date "2011.01.06"]
[Round "1"]
[White "Verde, Pino"]
[Black "Su, Stanley"]
[Result "0-1"]
[WhiteElo "1724"]
[BlackElo "1788"]
[PlyCount "72"]
[GameId "2160767909829655"]
[EventDate "2011.01.06"]
[EventType "swiss"]
[EventRounds "7"]
[EventCountry "CAN"]

1. Nf3 Nf6 2. d3 d5 3. Nbd2 Nc6 4. g3 e5 5. Bg2 Bc5 6. O-O O-O 7. Nb3 Bb6 8. a4 a5 9. h4 Bf5 10. Bg5 h6 11. Bd2 Qd7 12. Qc1 Rad8 13. c4 dxc4 14. dxc4 e4 15. Ne1 Nd4 16. Nxd4 Bxd4 17. Bxa5 Bg4 18. Qc2 Qf5 19. Bxc7 Rd7 20. Bf4 Rc8 21. Be3 Bxe3 22. fxe3 Qc5 23. Ra3 Rcd8 24. Bxe4 Rd2 25. Rd3 R8xd3 26. Qxd3 Rxd3 27. Bxd3 Qxe3+ 28. Rf2 Ne4 29. Bxe4 Qxe4 30. Nf3 Bxf3 31. exf3 Qxc4 32. a5 Qb5 33. g4 Qxa5 34. Kg2 h5 35. Kg3 Qe5+ 36. f4 Qe3+ 0-1

[Event "Scarborough CC Jack Frost U2000"]
[Site "Toronto CAN"]
[Date "2011.01.06"]
[Round "1"]
[White "Zhang, John"]
[Black "Rutherdale, William"]
[Result "1-0"]
[WhiteElo "1617"]
[BlackElo "1719"]
[PlyCount "47"]
[GameId "2160767909829656"]
[EventDate "2011.01.06"]
[EventType "swiss"]
[EventRounds "7"]
[EventCountry "CAN"]

1. d4 d5 2. c4 c6 3. Nc3 Nf6 4. Nf3 e6 5. Bg5 dxc4 6. a4 Be7 7. e3 Nbd7 8. Bxc4 O-O 9. O-O Qb6 10. Qc2 h6 11. Bh4 c5 12. dxc5 Qxc5 13. Bd3 b6 14. Ne4 Qxc2 15. Bxc2 Ba6 16. Rfd1 Be2 17. Rxd7 Nxd7 18. Bxe7 Rfe8 19. Ba3 Bxf3 20. gxf3 Rec8 21. Nc3 Ne5 22. Be4 f5 23. Nb5 a6 24. Nd6 1-0

[Event "Scarborough CC Jack Frost U2000"]
[Site "Toronto CAN"]
[Date "2011.01.13"]
[Round "2"]
[White "Bao, Stephen"]
[Black "Muir, Tom"]
[Result "1-0"]
[WhiteElo "1771"]
[BlackElo "1617"]
[PlyCount "71"]
[GameId "2160767909829657"]
[EventDate "2011.01.06"]
[EventType "swiss"]
[EventRounds "7"]
[EventCountry "CAN"]

1. e4 c6 2. d4 d5 3. Nc3 dxe4 4. Nxe4 Nd7 5. Ng5 Ngf6 6. N5f3 h6 7. Nh3 Nb6 8. Nf4 Bf5 9. Be2 e6 10. O-O Qc7 11. Ne5 O-O-O 12. h3 Bd6 13. Nfd3 c5 14. dxc5 Bxe5 15. cxb6 Qxb6 16. Be3 Bd4 17. Qc1 Bxe3 18. Qxe3 Qxe3 19. fxe3 Nd5 20. e4 Bxe4 21. Rxf7 g5 22. Nc5 Nf4 23. Bg4 Rd2 24. Nxe4 Rxg2+ 25. Kh1 Rxc2 26. Rd1 h5 27. Bf3 Nd5 28. Nd6+ Kd8 29. Bxd5 exd5 30. Rxd5 b6 31. Nb5+ Ke8 32. Rdd7 Rh6 33. Nc7+ Rxc7 34. Rxc7 Re6 35. Rh7 g4 36. Rc8# 1-0

[Event "Scarborough CC Jack Frost U2000"]
[Site "Toronto CAN"]
[Date "2011.01.13"]
[Round "2"]
[White "Cale, Ferdinand"]
[Black "Philip, Andrew"]
[Result "1/2-1/2"]
[WhiteElo "1734"]
[BlackElo "1605"]
[PlyCount "130"]
[GameId "2160767909829658"]
[EventDate "2011.01.06"]
[EventType "swiss"]
[EventRounds "7"]
[EventCountry "CAN"]

1. e4 d5 2. e5 c5 3. d4 Nc6 4. Bb5 e6 5. Ne2 Nge7 6. O-O a6 7. Bxc6+ Nxc6 8. c3 Be7 9. f4 O-O 10. Be3 c4 11. Nd2 b5 12. b4 a5 13. a4 axb4 14. axb5 Na5 15. cxb4 Bxb4 16. Ra4 Be7 17. Qc2 Bd7 18. Nc3 Qb6 19. Rb1 Rfb8 20. f5 Ra7 21. g4 Rba8 22. g5 Nb7 23. f6 Bf8 24. Rba1 Rxa4 25. Rxa4 Rxa4 26. Qxa4 Qa5 27. Qxa5 Nxa5 28. Ndb1 Bb4 29. Bc1 Nb3 30. Be3 g6 31. Na2 Ba5 32. Nbc3 Kf8 33. Kf2 Ke8 34. Ke2 Kd8 35. Kd1 Kc7 36. Kc2 Bb6 37. Ne2 Bxb5 38. Nac3 Bd7 39. h4 Kd8 40. Kb2 Ba5 41. Nf4 Bb6 42. Nce2 Ke8 43. h5 Bc6 44. hxg6 hxg6 45. Nh3 Bd7 46. Nhg1 Bc6 47. Nf3 Bd7 48. Nd2 Na5 49. Nc3 Kd8 50. Na2 Nc6 51. Nf3 Na5 52. Nb4 Nb3 53. Nc2 Ke8 54. Nd2 Na5 55. Nb4 Nc6 56. Nxc6 Bxc6 57. Nb1 Kd8 58. Ka3 Ba5 59. Bd2 Bb6 60. Bc3 Kc7 61. Kb4 Kb7 62. Bb2 Kc7 63. Na3 Kb7 64. Nb5 Bxb5 65. Kxb5 Bd8 1/2-1/2

[Event "Scarborough CC Jack Frost U2000"]
[Site "Toronto CAN"]
[Date "2011.01.13"]
[Round "2"]
[White "Manalo, Pepin"]
[Black "Huston, Scott"]
[Result "0-1"]
[WhiteElo "1811"]
[BlackElo "1713"]
[PlyCount "125"]
[GameId "2160767909829659"]
[EventDate "2011.01.06"]
[EventType "swiss"]
[EventRounds "7"]
[EventCountry "CAN"]

1. e4 c5 2. c4 Nc6 3. Nf3 d6 4. d4 cxd4 5. Nxd4 Nf6 6. Nc3 e5 7. Nb3 Be7 8. Be2 a6 9. Be3 Be6 10. g4 Na5 11. g5 Nd7 12. Nxa5 Qxa5 13. Qd2 Rc8 14. b3 Nc5 15. Rc1 O-O 16. O-O Bh3 17. Nd5 Qd8 18. Nxe7+ Qxe7 19. Rfd1 Nxe4 20. Qd5 Nxg5 21. Kh1 Rcd8 22. Rg1 Be6 23. Qg2 f6 24. h4 Nh3 25. Rge1 Qf7 26. Bf3 b5 27. cxb5 axb5 28. Rc6 d5 29. Rxe6 Qxe6 30. Bg4 Nxf2+ 31. Bxf2 f5 32. Be2 Qd7 33. Rg1 Rf7 34. Bh5 g6 35. Bd1 d4 36. h5 Rg7 37. h6 Rf7 38. b4 Kh8 39. Bb3 Rff8 40. Bg3 Rde8 41. Rc1 f4 42. Bh2 f3 43. Qg3 Qf5 44. Qf2 Qg5 45. Rd1 Qxh6 46. Bd5 Qh3 47. Rg1 Qf5 48. Re1 Kg7 49. Bc6 Re7 50. Bxb5 Rd8 51. Bc6 e4 52. Bg3 e3 53. Qxf3 Qxf3+ 54. Bxf3 d3 55. Bh4 d2 56. Rd1 e2 57. Bxe2 Rxe2 58. Kg1 Rd4 59. Kf1 Re6 60. Bg5 Ra6 61. Bxd2 Kf7 62. Ke2 Rxa2 63. Ke3 0-1

[Event "Scarborough CC Jack Frost U2000"]
[Site "Toronto CAN"]
[Date "2011.01.13"]
[Round "2"]
[White "Moran-Venegas, Mario"]
[Black "Jizan, Masoud"]
[Result "1-0"]
[WhiteElo "1693"]
[BlackElo "1805"]
[PlyCount "103"]
[GameId "2160767909829660"]
[EventDate "2011.01.06"]
[EventType "swiss"]
[EventRounds "7"]
[EventCountry "CAN"]

1. e4 c5 2. Nf3 Nc6 3. d4 cxd4 4. Nxd4 Nf6 5. Nc3 a6 6. Bc4 e6 7. Nxc6 bxc6 8. e5 Nd5 9. Nxd5 cxd5 10. Bb3 a5 11. c3 Ba6 12. Be3 Rb8 13. Qg4 Qc7 14. O-O-O Rb4 15. Qg3 a4 16. Bc2 Rxb2 17. Kxb2 a3+ 18. Kc1 Qc4 19. Bd4 Qxa2 20. Kd2 Qc4 21. Qd3 Qc6 22. Qe3 Bc4 23. Rb1 Qc7 24. Ba7 Be7 25. Rb8+ Bd8 26. Qb6 O-O 27. Qxc7 Bxc7 28. Rxf8+ Kxf8 29. Bc5+ Ke8 30. Bxa3 Bxe5 31. Bxh7 g6 32. h4 Bf4+ 33. Kc2 Be2 34. f3 Bb5 35. h5 gxh5 36. Rxh5 d6 37. Bd3 Ba4+ 38. Kb2 Be5 39. Rh4 Bc6 40. f4 Bf6 41. Rh6 Bg7 42. Rh7 Bf6 43. Bxd6 d4 44. Be5 dxc3+ 45. Kxc3 Bxe5+ 46. fxe5 Bxg2 47. Kd4 Kf8 48. Kc5 Kg8 49. Kd6 Bf1 50. Bc2 Kf8 51. Rh1 Bb5 52. Rg1 1-0

[Event "Scarborough CC Jack Frost U2000"]
[Site "Toronto CAN"]
[Date "2011.01.13"]
[Round "2"]
[White "Rapoport, Alexander"]
[Black "Zotkin, Daniel"]
[Result "0-1"]
[WhiteElo "1885"]
[BlackElo "1698"]
[PlyCount "48"]
[GameId "2160767909829661"]
[EventDate "2011.01.06"]
[EventType "swiss"]
[EventRounds "7"]
[EventCountry "CAN"]

1. e4 c5 2. Nf3 e6 3. d4 cxd4 4. Nxd4 a6 5. Nc3 Qc7 6. f4 d6 7. Be2 b5 8. a3 Bb7 9. O-O Nf6 10. Bf3 Nc6 11. Be3 Rc8 12. Qd2 Na5 13. Qf2 Nc4 14. f5 e5 15. Nde2 d5 16. exd5 Nxe3 17. Rac1 Bc5 18. d6 Bxd6 19. Kh1 Bc5 20. Qg3 Bxf3 21. Qxf3 O-O 22. Ne4 Nxe4 23. Qxe4 Qc6 24. Qxc6 Rxc6 0-1

[Event "Scarborough CC Jack Frost U2000"]
[Site "Toronto CAN"]
[Date "2011.01.13"]
[Round "2"]
[White "Rutherdale, William"]
[Black "Armstrong, Robert J"]
[Result "1/2-1/2"]
[WhiteElo "1719"]
[BlackElo "1819"]
[PlyCount "98"]
[GameId "2160767909829662"]
[EventDate "2011.01.06"]
[EventType "swiss"]
[EventRounds "7"]
[EventCountry "CAN"]

1. d4 g6 2. Nf3 Bg7 3. g3 Nf6 4. Bg2 O-O 5. c4 d6 6. Nc3 Nc6 7. O-O e5 8. d5 Ne7 9. Bg5 h6 10. Bd2 Nd7 11. e4 f5 12. Qc1 Kh7 13. Nh4 f4 14. Qc2 g5 15. Nf5 Nb6 16. Nxg7 Kxg7 17. b3 f3 18. Bh1 Ng6 19. Qd3 g4 20. Qe3 Rh8 21. c5 Nd7 22. cxd6 cxd6 23. Nb5 Nf6 24. Bb4 Ne8 25. Nxa7 Bd7 26. a4 h5 27. Nb5 Bc8 28. Bd2 h4 29. Bxf3 gxf3 30. Qxf3 Bh3 31. Rfc1 Rf8 32. Qe3 Qf6 33. Nc7 Nf4 34. Nxa8 hxg3 35. Qxg3+ Kh8 36. Bxf4 Rg8 37. Qxg8+ Kxg8 38. Rc3 exf4 39. Rxh3 Qxa1+ 40. Kg2 Qg7+ 41. Kf3 Qc3+ 42. Kg4 Nf6+ 43. Kh4 Qe5 44. Rg3+ fxg3 45. Kh3 gxf2 46. Kg2 Qf4 47. Kf1 Nxe4 48. Nc7 Nd2+ 49. Ke2 f1=Q# 1/2-1/2

[Event "Scarborough CC Jack Frost U2000"]
[Site "Toronto CAN"]
[Date "2011.01.13"]
[Round "2"]
[White "Spiliotopoulos, Yakos"]
[Black "Song, Lin"]
[Result "1-0"]
[WhiteElo "1665"]
[BlackElo "1783"]
[PlyCount "77"]
[GameId "2160767909829663"]
[EventDate "2011.01.06"]
[EventType "swiss"]
[EventRounds "7"]
[EventCountry "CAN"]

1. e4 c5 2. Nf3 Nc6 3. Nc3 d6 4. g3 Nf6 5. Bg2 Bg4 6. h3 Bd7 7. d3 h6 8. O-O Qc8 9. Kh2 g5 10. Ng1 g4 11. h4 h5 12. Nge2 Bg7 13. Bg5 Nh7 14. Be3 Nf8 15. Nf4 Ne6 16. Nfd5 Ned4 17. Bg5 Bf8 18. Qd2 Ne5 19. Kh1 Nef3 20. Qf4 Ne6 21. Qe3 Nexg5 22. hxg5 h4 23. Bxf3 hxg3+ 24. Kg1 gxf3 25. fxg3 Bg4 26. e5 Bg7 27. Nf6+ Kf8 28. Nxg4 Qxg4 29. Qxf3 Qxf3 30. Rxf3 Bxe5 31. Raf1 Rh7 32. g6 Rg7 33. Rxf7+ Rxf7 34. Rxf7+ Kg8 35. Rxe7 b6 36. Kg2 a6 37. Nd5 b5 38. Rf7 Rf8 39. Ne7+ 1-0

[Event "Scarborough CC Jack Frost U2000"]
[Site "Toronto CAN"]
[Date "2011.01.13"]
[Round "2"]
[White "Stavropoulos, Greg"]
[Black "Bellomo, Joe"]
[Result "1-0"]
[WhiteElo "1926"]
[BlackElo "1701"]
[PlyCount "93"]
[GameId "2160767909829664"]
[EventDate "2011.01.06"]
[EventType "swiss"]
[EventRounds "7"]
[EventCountry "CAN"]

1. c4 Nf6 2. Nf3 c5 3. d4 cxd4 4. Nxd4 Nc6 5. Nc3 e6 6. Ndb5 d6 7. Bf4 e5 8. Bg5 a6 9. Na3 Be7 10. e3 Be6 11. Be2 O-O 12. O-O Rc8 13. Qd2 Qa5 14. Rfd1 Ng4 15. Bxe7 Nxe7 16. Nd5 Qd8 17. Nxe7+ Qxe7 18. f3 Nh6 19. e4 Rfd8 20. Qe3 f5 21. b3 f4 22. Qf2 Nf7 23. Rac1 Rf8 24. Nc2 Nd8 25. Rd2 Rf6 26. Rcd1 Nf7 27. Nb4 Rg6 28. Bf1 a5 29. Nd5 Bxd5 30. Rxd5 Ng5 31. Kh1 Qc7 32. Qd2 Nf7 33. Qxa5 Qe7 34. Qe1 Rh6 35. c5 Kh8 36. Bc4 Rf8 37. g3 g5 38. cxd6 Nxd6 39. Qc3 Re8 40. Bb5 Nxb5 41. Rxb5 Rc6 42. Qb2 Qc7 43. Rbd5 Rce6 44. Rd7 Qb6 45. Rf7 Qb4 46. Qd2 Qb6 47. Qd7 1-0

[Event "Scarborough CC Jack Frost U2000"]
[Site "Toronto CAN"]
[Date "2011.01.13"]
[Round "2"]
[White "Su, Stanley"]
[Black "Paterson, Jim"]
[Result "0-1"]
[WhiteElo "1788"]
[BlackElo "1868"]
[PlyCount "134"]
[GameId "2160767909829665"]
[EventDate "2011.01.06"]
[EventType "swiss"]
[EventRounds "7"]
[EventCountry "CAN"]

1. e4 Nf6 2. Nc3 d6 3. d4 c6 4. f4 g6 5. Nf3 Bg7 6. Be2 O-O 7. O-O b5 8. a3 a6 9. h3 Nbd7 10. Be3 Qc7 11. e5 Nd5 12. Nxd5 cxd5 13. c3 Nb6 14. Nd2 f6 15. Bf3 Rb8 16. Kh1 Be6 17. exd6 Qxd6 18. Bg1 Bf7 19. Re1 Nc4 20. Qc2 Bh6 21. g3 Rb7 22. Re2 Re8 23. Rae1 Nxd2 24. Rxd2 e5 25. dxe5 fxe5 26. Red1 exf4 27. Bxd5 Bxd5+ 28. Rxd5 Qe6 29. Qg2 f3 30. Qxf3 Qxh3+ 31. Bh2 Rf7 32. Qg2 Qxg2+ 33. Kxg2 Re2+ 34. Kh1 Rxb2 35. Bg1 Rb3 36. Bc5 Rxc3 37. Re1 Rxg3 38. Re8+ Bf8 39. Ra8 Kg7 40. Bd4+ Kg8 41. Rxa6 Rf1+ 42. Kh2 Rd3 43. Ra5 Rfd1 44. Ra8 Kf7 45. Rd7+ Ke6 46. Rxh7 Rxd4 47. Rxf8 R4d3 48. Rb8 R1d2+ 49. Kg1 Rb3 50. Rb6+ Kf5 51. Rf7+ Kg5 52. Rff6 Rb1+ 53. Rf1 Rxf1+ 54. Kxf1 Rb2 55. Ra6 Kf5 56. Ra5 Kf4 57. Ke1 g5 58. Kd1 g4 59. Ra8 g3 60. Rf8+ Ke3 61. Re8+ Kf2 62. Rf8+ Kg1 63. Kc1 Rf2 64. Re8 g2 65. Re1+ Rf1 66. Kd2 Rxe1 67. Kxe1 Kh2 0-1